Ultra Beast Pokémon - Statistics

General Stats
  • This quiz has been taken 51 times
    50 since last reset
  • The average score is 10 of 12
Answer Stats
Pokémon % Correct
Buzzwole
94%
Kartana
89%
Guzzlord
86%
Nihilego
86%
Pheromosa
83%
Stakataka
83%
Blacephalon
80%
Naganadel
80%
Poipole
80%
Xurkitree
74%
Celesteela
71%
Necrozma
69%
No matching quizzes found
Score Distribution
Percent of People with Each Score
Percentile by Number Answered
Your Score History
You have not taken this quiz since the last reset